书目信息 |
| 题名: |
机械振动与机械波
|
|
| 作者: | 魏墨庵 编 | |
| 分册: | ||
| 出版信息: | 北京 人民教育出版社 1978 |
|
| 页数: | 90页 | |
| 开本: | 19cm | |
| 丛书名: | 高等学校物理学小丛书 | |
| 单 册: | ||
| 中图分类: | TH113.1 | |
| 科图分类: | ||
| 主题词: | 机械振动 | |
| 电子资源: | ||
| ISBN: | ||
| 000 | 00645nam2 2200241 45 | |
| 001 | 0178002206 | |
| 005 | 20070710115646.35 | |
| 010 | @dCNY0.24 | |
| 091 | @a13012.0145 | |
| 100 | @a19950731d1978 em y0chiy0121 ea | |
| 101 | 0 | @achi |
| 102 | @aCN@b110000 | |
| 105 | @ay z 000yy | |
| 200 | 10 | @a机械振动与机械波@Aji xie zhen dong yu ji xie bo@f魏墨庵编 |
| 210 | @a北京@c人民教育出版社@d1978 | |
| 215 | @a90页@d19cm | |
| 225 | 2 | @a高等学校物理学小丛书 |
| 410 | 0 | @120010@a高等学校物理学小丛书 |
| 606 | @a机械振动 | |
| 690 | @aTH113.1@v3 | |
| 701 | 0 | @a魏墨庵@Awei mo an@4编 |
| 801 | 0 | @aCN@bTSSF@c20070710 |
| 905 | @a10447@dTH113.1@e28 | |
| 机械振动与机械波/魏墨庵编.-北京:人民教育出版社,1978 |
| 90页;19cm.-(高等学校物理学小丛书) |
| ISBN :CNY0.24 |
| ● |
| 相关链接 |
|
|
|
|
正题名:机械振动与机械波
索取号:TH113.1/28
 
预约/预借
| 序号 | 登录号 | 条形码 | 馆藏地/架位号 | 状态 | 备注 |
| 1 | 0438299 | 204382998 | 密集书库/ [索取号:TH113.1/28] | 在馆 | |
| 2 | 0452100 | 204521008 | 密集书库/ [索取号:TH113.1/28] | 在馆 | |
| 3 | 0472075 | 204720757 | 密集书库/ [索取号:TH113.1/28] | 在馆 | |
| 4 | 0767912 | 207679127 | 密集书库/ [索取号:TH113.1/28] | 在馆 |